000 00769nam a2200205Ii 4500
003 JO-AjNU
008 230605s9999||||xx |||||||||||||| ||und||
040 _aJO-AjNU
_bara
_erda
_cJO-AjNU
041 _aara
050 1 4 _aBP640.J33 2003
100 3 _aجبر، سعدي حسين علي,
_eauthor
_930688
245 0 0 _aالخلافات المالية وطرق حلها في الفقه الإسلامي أحكام استرداد المال
250 _aط1
264 3 1 _aعمان: دار النفائس للنشر والتوزيع، 2003
300 _a584ص
336 _atext
_btxt
_2rdacontent
337 _aunmediated
_bn
_2rdamedia
338 _avolume
_bnc
_2rdacarrier
650 4 _aالاقتصاد الاسلامي- احكام استرداد المال
_930689
999 _aA12195
_c15763
_d15763